Nábožná Pjseň o umučenj Pána Gežjsse Krysta

Bibliographic Details
Corporate Author: Škarnicel, Jozef - dedičia (Skalica, Slovensko) (Printer)
Format: Book
Language:Slovak
PhysicalDescription:[7] s. 11 cm
Published: W Skalici u J. Škarnicla dědičů 1877
Subjects:

MARC

LEADER 00000nam a2200000 a 4500
001 vtls011757910
003 SK-MaSNL
005 20260301183442.0
008 200205s1877 xo a 0 an0 slo
015 |a SNBHFA1877 
035 |a urn:nbn:sk:snk-am00d6fr 
035 |a urn:nbn:sk:snk-am3hr8y 
035 |a 35BDD2C1-C45F-4360-B36D-276BF14ABEAE 
040 |a SNKHF  |b slo  |c SNK  |e AACR2 
041 0 |a slo 
044 |a xo  |c SK 
072 7 |a 783  |x Cirkevná hudba. Duchovná hudba. Náboženská hudba  |2 konspekt 
080 |a 783.6  |2 2011 
130 0 |a Nábožná  |9 302786 
245 1 0 |a Nábožná Pjseň o umučenj Pána Gežjsse Krysta 
260 |a W Skalici  |b u J. Škarnicla dědičů  |c 1877 
300 |a [7] s.  |c 11 cm 
500 |a Titulná strana s drevorezom 
501 |a Prív. 21. k: Nowá Pjseň aneb Rozlaučenj se s Pannau. W Skalici : u Jozefa Skarnicla, 1877.  |5 SNK SE 152/1-35/prív.21 
546 |a Slovenčina  |b Fraktúra 
650 0 7 |a duchovné piesne  |2 SNKPH  |9 1928 
710 2 |a Škarnicel, Jozef - dedičia (Skalica, Slovensko)  |4 prt  |9 189503 
752 |a Slovensko  |d Skalica 
852 |a SNK  |p SE 152/1-35/prív.21 
958 |a ONDV 
999 |c 857040  |d 858970 
952 |a SNK  |b SNK  |y PREZ  |7 0  |p 17A1300871  |o snkSE 152/1-35/prív.21  |i snk4789/28  |0 0  |1 0  |4 0  |d 2018-05-23  |f 1  |l 0  |r 2026-02-24 05:00:38  |w 2026-02-24